| 000 | 00670nam a22001337a 4500 | ||
|---|---|---|---|
| 008 | 110613t xxu||||| |||| 00| 0 eng d | ||
| 010 | _aSCCAF 26 | ||
| 245 | _aThe supreme Court Criminal Appeal No. 20 of 1994 Apolo Nasolo Wamanga Vs Uganda. | ||
| 260 | _c1994 | ||
| 500 | _aCoram: Odoki , J.S.C. , Oder, J.S.C., & Tsekooko, J.S.C. | ||
| 500 | _aAppeal against conviction and sentence of the high Court decision holden at Mbale (by S.G. Engwau, J.) dated 21 may, 1994 | ||
| 999 |
_c2778 _d2778 |
||